| Tag |
First Indicator |
Second Indicator |
Subfields |
| LEADER |
00000cam a22000004a 4500 |
| 001 |
in00002276821 |
| 005 |
20151105100911.0 |
| 008 |
070131s2007 mnu 000 0 eng |
| 010 |
|
|
|a 2007004485
|
| 020 |
|
|
|a 9780977945825 (alk. paper)
|
| 020 |
|
|
|a 0977945820 (alk. paper)
|
| 035 |
|
|
|a (OCoLC)ocm81252815
|
| 035 |
|
|
|a (OCoLC)81252815
|
| 040 |
|
|
|a DLC
|c DLC
|d BAKER
|d BTCTA
|d C#P
|d YDXCP
|d UtOrBLW
|
| 049 |
|
|
|a TXAM
|
| 050 |
0 |
0 |
|a PS3611.I586
|b O53 2007
|
| 082 |
0 |
0 |
|a 811/.6
|2 22
|
| 100 |
1 |
|
|a King, Susan Deborah.
|
| 245 |
1 |
0 |
|a One-breasted woman :
|b poems /
|c by Susan Deborah King.
|
| 264 |
|
1 |
|a Duluth, Minn. :
|b Holy Cow! Press ;
|c 2007.
|
| 264 |
|
2 |
|a Jackson, Tenn. :
|b Distributed to the trade by Consortium Book Sales & Distribution,
|
| 300 |
|
|
|a 135 pages ;
|c 23 cm.
|
| 336 |
|
|
|a text
|b txt
|2 rdacontent
|
| 337 |
|
|
|a unmediated
|b n
|2 rdamedia
|
| 338 |
|
|
|a volume
|b nc
|2 rdacarrier
|
| 650 |
|
0 |
|a Breast
|x Cancer
|v Poetry.
|
| 856 |
4 |
1 |
|3 Table of contents only
|u http://www.loc.gov/catdir/toc/ecip079/2007004485.html
|t 0
|
| 938 |
|
|
|a Baker & Taylor
|b BKTY
|c 15.95
|d 11.96
|i 0977945820
|n 0007080365
|s active
|
| 938 |
|
|
|a Baker and Taylor
|b BTCP
|n 2007004485
|
| 938 |
|
|
|a YBP Library Services
|b YANK
|n 2520448
|
| 945 |
|
|
|a PromptCat
|b 207095
|
| 946 |
|
|
|a stk
|
| 947 |
|
|
|a A14836215923
|
| 948 |
|
|
|a cataloged
|b h
|c 2007/8/29
|d c
|e dmartine
|f 7:09:55 pm
|
| 994 |
|
|
|a 92
|b TXA
|
| 999 |
|
|
|a MARS
|
| 999 |
f |
f |
|s e0aaf555-e1c1-3f20-aaf2-d8bc00b0d696
|i 752e6a59-a55a-3099-a510-d9a8add2ad7c
|t 0
|
| 952 |
f |
f |
|p ric
|a Texas A&M University
|b Rellis Campus
|c Joint Library Facility
|d Remote Storage
|t 0
|e PS3611.I586 O53 2007
|h Library of Congress classification
|i unmediated -- volume
|m A14836215923
|
| 998 |
f |
f |
|a PS3611.I586 O53 2007
|t 0
|l Remote Storage
|